| 000 | 00663nam a2200253Ia 4500 | ||
|---|---|---|---|
| 003 | OSt | ||
| 005 | 20220912151135.0 | ||
| 006 | a|||||r|||| 00| 0 | ||
| 007 | ta | ||
| 008 | 220909b |||||||| |||| 00| 0 eng d | ||
| 024 | _a36052 | ||
| 037 | _cTextual | ||
| 040 |
_aCSL _beng _cCSL |
||
| 041 | _aeng | ||
| 082 | _aD65,8(B), M4 | ||
| 100 | _aWatts R A | ||
| 245 | 0 | _aIntroducing interactive computing | |
| 260 |
_aMangester _bNCC Pub _c1984 |
||
| 300 |
_aviii,112p. _ccm. |
||
| 500 | _aAppendix 99-104p; Bibliography 105-8p | ||
| 650 | _aComputer science | ||
| 942 |
_hD65,8(B), M4 _cTEXL _2CC |
||
| 999 |
_c62141 _d62141 |
||